00456nam a22001577a 450000500170000001000150001702000260003203500130005803700130007108200060008410000200009024500740011026000380018427000550022230000210027720160621144424.0 aENG-115182 a9789385755835c299.00 aEN-98714 bDBAD/PUB aN aDaswani, Kavita aKingpin :cby Kavita Daswanibmade in Singapore, destroyed in Dubai / aNew Delhi bSpeaking Tiger c2016 a4381/4, Ansari Road, Daryaganj,bNew Delhie110002 a249p.c21cm(pbk)